Business networking
Vytvorenie a podpora sietí patrí medzi iniciatívnu súčasť stratégie zameranej na inovácie. Inovatívny podnik je založený na inováciách a technológiách, ktoré umožňujú zavádzať vedecké a technické znalosti a skúsenosti do výroby a služieb.
Guardado en:
| Autor principal: | |
|---|---|
| Formato: | Capítulo de libro |
| Lenguaje: | checo |
| Materias: | |
| Etiquetas: |
Sin Etiquetas, Sea el primero en etiquetar este registro!
|
MARC
| LEADER | 00000nla a2200000 4500 | ||
|---|---|---|---|
| 001 | 0228803 | ||
| 005 | 20240417075113.3 | ||
| 041 | 0 | |a cze | |
| 044 | |a SK | ||
| 245 | 1 | 0 | |a Business networking |c Ladislav Mura |
| 520 | |a Vytvorenie a podpora sietí patrí medzi iniciatívnu súčasť stratégie zameranej na inovácie. Inovatívny podnik je založený na inováciách a technológiách, ktoré umožňujú zavádzať vedecké a technické znalosti a skúsenosti do výroby a služieb. | ||
| 610 | 2 | 0 | |a inovácia |
| 610 | 2 | 0 | |a podnikanie |
| 610 | 2 | 0 | |a stratégia podnikateľská |
| 610 | 2 | 0 | |a stratégia inovačná |
| 610 | 2 | 0 | |a ekonomika sieťová |
| 610 | 2 | 0 | |a klaster |
| 610 | 2 | 0 | |a siete obchodné |
| 100 | 1 | |a Mura, Ladislav | |